000 00636 a2200181 4500
003 Nust
005 20170207153228.0
040 _cNust
082 _a621.382
100 _aJan, Lt Cdr Mustafa (MSEE-10)
245 _aImplementation of bluetooth technology in temperature sensor / display
_cLt Cdr Mustafa Jan
260 _bMCS, NUST
_c2006
_aRawalpindi
300 _axiii, 89, p.;
505 _aThesis introduction (page-1) Wireless link criteria (page-7) Bluetooth technology (page-) Wireless sensor network (page-29) WTS system implementation (page-60)
538 _aAlmirah No 69 Shelf No 1
650 _aPG Thesis
651 _aMSEE-10
942 _cTHS
999 _c181844
_d181844